00964cam a22002774a 450000100090000000300090000900500170001800800410003501000170007602000220009304000280011504200080014304300300015105000200018108200200020110000340022124500880025525000240034326000380036730000210040550000700042650400640049661100360056065000420059665100480063812010225BDDh-ASL20231015030935.0000516r20001946nyu b 001 0 eng  a 00041709  a080213744X (pbk.) aDLCcDLCdDLCdBDDh-ASL apcc ae-au---ae-fr---ae------00aDC249b.N5 200000a940.27221bNIC1 aNicolson, Harold,d1886-1968.14aThe Congress of Vienna :ba study in allied unity, 1812-1822 /cby Harold Nicolson. a1st Grove Press ed. aNew York :bGrove Press,c[2000]. a312 p. ;c21 cm. aOriginally published: New York : Harcourt Brace Jovanovich, 1946. aIncludes bibliographical references (p. 297-299) and index.20aCongress of Viennad(1814-1815) 0aNapoleonic Wars, 1800-1815vTreaties. 0aEuropexPolitics and governmenty1789-1815.